000 00506nam a2200181Ia 4500
005 20250326125142.0
008 250326s9999 xx 000 0 und d
037 _aTextbook
040 _aFMSL
_beng
_cFMSL
041 _aeng
_2eng
084 _aX:97.44 L2;1
_qFMSL
100 _aTandon B K
245 0 _aCollective bargaining and the Indian scene
_cTandon B K
260 _aDelhi
_bDelhi, Sultan Chnad
_c1972
300 _a472p
942 _cTB
_hX:97.44 L2;1
999 _c1276769
_d1276769